| 000 | 01320cas a22003851 4500 | ||
|---|---|---|---|
| 001 | 11136341 | ||
| 005 | 20180215032244.0 | ||
| 008 | 741010d19131977ohuar 0 a0eng | ||
| 010 | _a 13011056 | ||
| 016 | 7 |
_a0252053 _2DNLM |
|
| 016 | 7 |
_aC51320000 _zH01118000 _2DNLM |
|
| 022 |
_a0363-3055 _21 |
||
| 035 | _a(OCoLC)ocm01037189 | ||
| 040 |
_aDLC _beng _cNED _dYUS _dNSD _dDLC _dTVJ _dOCL _dDLC _dRCS _dOCL _dDLC _dOCL _dNST _dAGL _dNST _dHUL _dNLM _dOCLCQ _dOCLCG _dOCLCQ _dHUL _dAGL _dOCLCQ _dOCLCO _dOCLCA _dOCLCF _dOCLCO _dLPCLI _dOCLCQ _dOCLCO _dOCLCA |
||
| 041 | _aeng | ||
| 042 |
_ansdp _apcc |
||
| 060 | 0 | 0 |
_aQD 65 _bH236 |
| 070 | 0 | _aQD65.H3 | |
| 072 | 0 | _aX400 | |
| 072 | 0 | _aX500 | |
| 080 | _a541.9 | ||
| 082 | 0 | _a541.9 HOD | |
| 100 | _a12 | ||
| 101 | _aKIM | ||
| 222 | 0 | _aHandbook of chemistry and physics | |
| 245 | 0 | 0 | _aHandbook of chemistry and physics. |
| 362 | 0 | _a[1st]-57th ed.; 1913-1976/77. | |
| 530 | _aAlso issued online. | ||
| 590 | _aSERBIB/SERLOC merged record | ||
| 776 | 0 | 8 |
_iOnline version: _tHandbook of chemistry and physics _w(OCoLC)607607817 |
| 785 | 0 | 0 |
_tCRC handbook of chemistry and physics _x0147-6262 _w(DLC) 77641777 _w(OCoLC)3208084 |
| 906 |
_a7 _bcbc _cserials _d3 _encip _f19 _gn-oclcserc |
||
| 942 |
_2ddc _cBK |
||
| 999 |
_c42557 _d42557 |
||